| 000 | 00762nam a2200217 a 4500 | ||
|---|---|---|---|
| 005 | 20231027063632.0 | ||
| 008 | 991125s1974 mx 000 0 spa u | ||
| 035 | _aUPN01000047677 | ||
| 049 | _aCG | ||
| 050 | 4 |
_aLB2365 Q5 _bB8.6 |
|
| 100 | 1 |
_aButruille, Daniel _941724 |
|
| 245 | 1 | 0 |
_aPrograma de química : _bsemestres I y II y III / _cDaniel Butruille, Javier Rivas Ramos, Fidel Villarreal. |
| 260 |
_aMéxico : _bANUIES, _c1974. |
||
| 300 | _a220 p. | ||
| 500 | _a"Programa de desarrollo del ciclo superior de la enseñanza media" | ||
| 650 | 4 |
_aQuímica _xEstudio y enseñanza (Media superior) _97242 |
|
| 650 | 4 |
_aQuímica _xPlanes y programas _921380 |
|
| 700 | 1 |
_aRivas Ramos, Javier, _ecoaut. |
|
| 700 | 1 |
_aVillarreal, Fidel, _ecoaut. |
|
| 905 | _aLibro | ||
| 999 |
_c47677 _d47677 |
||